000 00515nam a2200145Ia 4500
008 100204s9999 xx 000 0 und d
082 _b16357
100 _aकोल्हटकर उल्हास
245 _aबीज अंकुरे अंकुरे
260 _b"आरती प्रकाशन, डोंबिवली"
_c1992
300 _a137
630 _aबीज अंकुरे अंकुरे
730 _aबीज अंकुरे अंकुरे
942 _cBOOK
999 _c460780
_d460777